000 00726nam a2200241 a 4500
001 BRCA_7722
005 20190320205949.0
008 300813s1936----gw-a######---#000-0#ger-#
041 _ager
044 _agw
050 4 _aNB175
_b.B35 1936
100 1 _aBaier-Futterer, Ilse
_919105
245 1 0 _aDie Bildwerke der Romanik und Gotik
_bkataloge des Schweizerischen Landesmuseums in Zurich
_cvon Ilse Baier-Futterer.
260 _aZúrich
_bDruck
_c1936
300 _axvi, 192 p.
_bil., 56 láminas
_c21 cm.
500 _aEjemplar igual a X74
500 _aU68
650 1 4 _aEscultura románica
_910292
650 1 4 _aEscultura gótica
_92039
650 1 4 _aEscultura
_vExposiciones
_911068
902 _aGFM
942 _2lcc
_cB
999 _c7396
_d7396